[Event "LSS No Engine Cup 232 Preliminary 0"]
[Site "LSS email"]
[Date "2023.02.09"]
[Round "?"]
[White "Del Noce, Roberto"]
[Black "Lonyuk, Bohdan"]
[Result "0-1"]
[WhiteElo "1600"]
[BlackElo "1736"]
[PlyCount "42"]
[EventDate "2023.02.09"]
[EventType "tourn (corr)"]
[EventRounds "6"]
[EventCountry "GER"]
[SourceTitle "Corr 2024"]
[Source "ChessBase"]
[SourceDate "2023.10.19"]
[SourceVersion "1"]
[SourceVersionDate "2023.10.19"]
[SourceQuality "1"]

1. e4 e5 2. f4 d5 3. exd5 exf4 4. Nf3 Nf6 5. Bc4 Nxd5 6. Nc3 Nxc3 7. bxc3 Bd6 8. 0-0 0-0 9. d4 Nc6 10. h3 a6 11. Rb1 Qf6 12. Nh2 Qh4 13. Qf3 g5 14. Bd2 Qh6 15. Ng4 Qg6 16. d5 Bxg4 17. hxg4 Ne5 18. Qe2 Bc5+ 19. Rf2 Nxc4 20. Qxc4 Bxf2+ 21. Kxf2 Qxc2 0-1

[Event "OP-2022-0-05361"]
[Site "LSS email"]
[Date "2022.12.18"]
[Round "?"]
[White "Edwardson, Zachariah"]
[Black "Del Noce, Roberto"]
[Result "1-0"]
[WhiteElo "1515"]
[BlackElo "1322"]
[PlyCount "39"]
[EventDate "2022.11.30"]
[EventType "tourn (corr)"]
[EventRounds "4"]
[EventCountry "GER"]
[SourceTitle "Corr 2024"]
[Source "ChessBase"]
[SourceDate "2023.10.19"]
[SourceVersion "1"]
[SourceVersionDate "2023.10.19"]
[SourceQuality "1"]

1. d4 Nf6 2. c4 e6 3. Nf3 d5 4. Nc3 Be7 5. Bf4 c6 6. e3 0-0 7. Qc2 Nbd7 8. h3 dxc4 9. Bxc4 c5 10. dxc5 Bxc5 11. 0-0 a6 12. Rfd1 Qe7 13. a3 b5 14. Bd3 Bb7 15. b4 Bb6 16. Bd6 Qxd6 17. Bxh7+ Nxh7 18. Rxd6 Nhf6 19. Ng5 Rac8 20. Rxd7 1-0

[Event "OP-2022-0-05361"]
[Site "LSS email"]
[Date "2022.12.14"]
[Round "?"]
[White "Cerne, Peter"]
[Black "Del Noce, Roberto"]
[Result "1-0"]
[WhiteElo "1760"]
[BlackElo "1322"]
[PlyCount "67"]
[EventDate "2022.11.30"]
[EventType "tourn (corr)"]
[EventRounds "4"]
[EventCountry "GER"]
[SourceTitle "Corr 2024"]
[Source "ChessBase"]
[SourceDate "2023.10.19"]
[SourceVersion "1"]
[SourceVersionDate "2023.10.19"]
[SourceQuality "1"]

1. e4 c5 2. Nf3 Nc6 3. c3 d5 4. exd5 Qxd5 5. d4 e5 6. Nbd2 Bg4 7. dxe5 Bxf3 8. Nxf3 Qxd1+ 9. Kxd1 0-0-0+ 10. Kc2 Nge7 11. Bc4 Ng6 12. Re1 f6 13. exf6 gxf6 14. Re6 Bg7 15. g3 Rhe8 16. Rxe8 Rxe8 17. Bd2 Nge5 18. Re1 Re7 19. Nxe5 Rxe5 20. Rxe5 Nxe5 21. Bd5 b6 22. f4 Ng6 23. Kd3 Kd7 24. Ke4 Ne7 25. f5 Bf8 26. Bc4 Kc6 27. a4 Nc8 28. Bb5+ Kc7 29. Kd5 Bd6 30. Ke6 Be5 31. g4 Nd6 32. g5 Ne4 33. Be3 Bxh2 34. g6 1-0

[Event "SE-2022-0-00027"]
[Site "LSS email"]
[Date "2022.12.14"]
[Round "?"]
[White "Del Noce, Roberto"]
[Black "Koehler, Hans Christian"]
[Result "0-1"]
[WhiteElo "1322"]
[BlackElo "1182"]
[PlyCount "44"]
[EventDate "2021.12.14"]
[EventType "tourn (corr)"]
[EventRounds "6"]
[EventCountry "GER"]
[SourceTitle "Corr 2024"]
[Source "ChessBase"]
[SourceDate "2023.10.19"]
[SourceVersion "1"]
[SourceVersionDate "2023.10.19"]
[SourceQuality "1"]

1. e4 e5 2. f4 exf4 3. Nf3 Be7 4. Bc4 Nf6 5. Nc3 Nc6 6. d4 Nxe4 7. Bxf7+ Kxf7 8. Nxe4 d5 9. Nf2 Bb4+ 10. c3 Re8+ 11. Kf1 Bd6 12. g3 Qf6 13. g4 Kg8 14. g5 Qf7 15. h4 b6 16. Kg2 h5 17. Re1 Bg4 18. Rxe8+ Rxe8 19. Bd2 Ne7 20. Qc2 Nf5 21. Rh1 Ne3+ 22. Bxe3 Bxf3+ 0-1

[Event "SE-2022-0-00027"]
[Site "LSS email"]
[Date "2022.12.14"]
[Round "?"]
[White "Raines, David"]
[Black "Del Noce, Roberto"]
[Result "1-0"]
[WhiteElo "1219"]
[BlackElo "1322"]
[PlyCount "75"]
[EventDate "2021.12.14"]
[EventType "tourn (corr)"]
[EventRounds "6"]
[EventCountry "GER"]
[SourceTitle "Corr 2024"]
[Source "ChessBase"]
[SourceDate "2023.10.19"]
[SourceVersion "1"]
[SourceVersionDate "2023.10.19"]
[SourceQuality "1"]

1. d4 d5 2. Nf3 Nf6 3. c4 e6 4. Nc3 Be7 5. Bg5 h6 6. Bh4 0-0 7. e3 b6 8. cxd5 Nxd5 9. Bxe7 Qxe7 10. Rc1 Bb7 11. Bd3 c6 12. a3 Nd7 13. 0-0 c5 14. Bb1 N7f6 15. Nxd5 exd5 16. dxc5 bxc5 17. Re1 Ne4 18. Qc2 f5 19. Ba2 Kh8 20. Red1 Rad8 21. Qa4 Ba8 22. Qa5 f4 23. exf4 Rxf4 24. Qe1 d4 25. Nd2 Qb7 26. Nxe4 Rxe4 27. Qf1 Qxb2 28. Bb1 Rg4 29. f3 Rf8 30. Rc2 Qxa3 31. fxg4 Rxf1+ 32. Rxf1 Bd5 33. Rf8+ Bg8 34. Ba2 Qe3+ 35. Rcf2 Qc1+ 36. Rf1 Qe3+ 37. Kh1 d3 38. Bxg8 1-0

[Event "LSS No Engine Cup 226 Preliminary 0"]
[Site "LSS email"]
[Date "2022.03.27"]
[Round "?"]
[White "Del Noce, Roberto"]
[Black "Andreoni, Mario"]
[Result "0-1"]
[WhiteElo "1600"]
[BlackElo "1842"]
[PlyCount "35"]
[EventDate "2022.03.27"]
[EventType "tourn (corr)"]
[EventRounds "6"]
[EventCountry "GER"]
[SourceTitle "Corr 2024"]
[Source "ChessBase"]
[SourceDate "2023.10.19"]
[SourceVersion "1"]
[SourceVersionDate "2023.10.19"]
[SourceQuality "1"]

1. e4 e5 2. f4 d5 3. exd5 e4 4. Nc3 Nf6 5. d3 Bb4 6. Bd2 e3 7. Bxe3 0-0 8. Be2 Re8 9. Bd2 Bc5 10. Nf3 Bg4 11. Rf1 Nxd5 12. Ne4 Bb6 13. c4 Ne3 14. Bxe3 Bxe3 15. h3 Bf5 16. Nfd2 Bxe4 17. Nxe4 Rxe4 18. Qd2 0-1

[Event "LSS No Engine Cup 226 Preliminary 0"]
[Site "LSS email"]
[Date "2022.03.27"]
[Round "?"]
[White "Wilshusen, Horst"]
[Black "Del Noce, Roberto"]
[Result "0-1"]
[WhiteElo "1405"]
[BlackElo "1600"]
[PlyCount "46"]
[EventDate "2022.03.27"]
[EventType "tourn (corr)"]
[EventRounds "6"]
[EventCountry "GER"]
[SourceTitle "Corr 2024"]
[Source "ChessBase"]
[SourceDate "2023.10.19"]
[SourceVersion "1"]
[SourceVersionDate "2023.10.19"]
[SourceQuality "1"]

1. b4 d5 2. Bb2 Nf6 3. e3 e6 4. a3 Bd6 5. Nf3 0-0 6. c4 c5 7. bxc5 Bxc5 8. d4 Be7 9. Nc3 Nc6 10. Qc2 Re8 11. h3 Bf8 12. Rd1 Qa5 13. Nd2 Bd7 14. Nb3 Qd8 15. e4 dxe4 16. Nxe4 Nxe4 17. Qxe4 Na5 18. Qe3 Ba4 19. Rd3 Nxb3 20. Rxb3 Bxb3 21. Qxb3 Qa5+ 22. Bc3 Qxa3 23. Qc2 Bb4 0-1

[Event "SD-2022-0-00323"]
[Site "LSS email"]
[Date "2022.01.10"]
[Round "?"]
[White "Huber, Karl"]
[Black "Del Noce, Roberto"]
[Result "1-0"]
[WhiteElo "1466"]
[BlackElo "1470"]
[PlyCount "51"]
[EventDate "2021.05.21"]
[EventType "tourn (corr)"]
[EventRounds "6"]
[EventCountry "GER"]
[SourceTitle "Corr 2024"]
[Source "ChessBase"]
[SourceDate "2023.10.19"]
[SourceVersion "1"]
[SourceVersionDate "2023.10.19"]
[SourceQuality "1"]

1. e4 c5 2. Nf3 Nc6 3. Bb5 g6 4. 0-0 Bg7 5. Bxc6 bxc6 6. Re1 Nh6 7. c3 0-0 8. d4 c4 9. Qa4 d5 10. Qxc6 Bg4 11. Qxd5 Qxd5 12. exd5 Bxf3 13. Bxh6 Bxh6 14. gxf3 Bg5 15. Na3 Rac8 16. f4 Bf6 17. Nc2 Rfd8 18. Ne3 Rd6 19. a4 h5 20. a5 Bh4 21. Ra4 Rf6 22. Ng2 g5 23. Rxe7 a6 24. Rb4 Rd8 25. Re5 Kf8 26. Rxc4 1-0

[Event "SD-2022-0-00323"]
[Site "LSS email"]
[Date "2022.01.07"]
[Round "?"]
[White "Borchardt, Petra"]
[Black "Del Noce, Roberto"]
[Result "1-0"]
[WhiteElo "1540"]
[BlackElo "1470"]
[PlyCount "49"]
[EventDate "2021.05.21"]
[EventType "tourn (corr)"]
[EventRounds "6"]
[EventCountry "GER"]
[SourceTitle "Corr 2024"]
[Source "ChessBase"]
[SourceDate "2023.10.19"]
[SourceVersion "1"]
[SourceVersionDate "2023.10.19"]
[SourceQuality "1"]

1. e4 c5 2. Nf3 Nc6 3. Bb5 g6 4. h3 Bg7 5. 0-0 d6 6. c3 Nf6 7. d4 0-0 8. Qe2 Bd7 9. dxc5 dxc5 10. e5 Nd5 11. Rd1 Nc7 12. Bxc6 bxc6 13. Nbd2 Qc8 14. Ne4 Ne6 15. Bg5 Nxg5 16. Nfxg5 Bxe5 17. Nxh7 Re8 18. Nxc5 Bd6 19. Ng5 Bxc5 20. Qc4 Bxf2+ 21. Kxf2 Rf8 22. Qh4 Kg7 23. Qh7+ Kf6 24. Ne4+ Ke5 25. Qg7+ 1-0

[Event "LSS ZL-2021-0-02342"]
[Site "LSS email"]
[Date "2021.12.24"]
[Round "?"]
[White "Del Noce, Roberto"]
[Black "Gonzalez Castells, Jose Maria"]
[Result "0-1"]
[WhiteElo "1470"]
[BlackElo "1421"]
[PlyCount "40"]
[EventDate "2021.12.05"]
[EventType "match (corr)"]
[EventRounds "2"]
[EventCountry "GER"]
[SourceTitle "Corr 2024"]
[Source "ChessBase"]
[SourceDate "2023.10.19"]
[SourceVersion "1"]
[SourceVersionDate "2023.10.19"]
[SourceQuality "1"]

1. e4 c6 2. d4 d5 3. Nc3 dxe4 4. f3 exf3 5. Nxf3 Bg4 6. Be3 e6 7. Bd3 Nf6 8. 0-0 Bd6 9. Qe1 Nbd7 10. Qh4 Bxf3 11. Rxf3 Qc7 12. Raf1 0-0-0 13. d5 Ne5 14. Rxf6 gxf6 15. dxc6 Qxc6 16. Bb5 Qc7 17. Bxa7 f5 18. Kh1 Bc5 19. Qa4 Ng4 20. Bxc5 Qxh2# 0-1

[Event "Genova Bombrini op"]
[Site "Genova"]
[Date "2014.10.05"]
[Round "4"]
[White "Del Noce, Roberto"]
[Black "Pesce, Gabriele"]
[Result "0-1"]
[WhiteElo "1897"]
[BlackElo "2209"]
[PlyCount "142"]
[EventDate "2014.10.03"]
[EventType "swiss"]
[EventRounds "5"]
[EventCountry "ITA"]
[SourceTitle "EXT 2016"]
[Source "ChessBase"]
[SourceDate "2015.10.08"]
[SourceVersion "1"]
[SourceVersionDate "2015.10.08"]
[SourceQuality "1"]

1. e4 e5 2. f4 d5 3. exd5 e4 4. d3 Nf6 5. dxe4 Nxe4 6. Be3 Qh4+ 7. g3 Nxg3 8. Nf3 Qe7 9. hxg3 Qxe3+ 10. Qe2 Qxe2+ 11. Bxe2 Bc5 12. Rh2 Nd7 13. Nbd2 Nf6 14. Bc4 0-0 15. 0-0-0 Bf5 16. Ne5 Ng4 17. Nxg4 Bxg4 18. Rdh1 h6 19. Be2 Bd7 20. Ne4 Be3+ 21. Kb1 Rfe8 22. Bd3 Kf8 23. Re2 Bb6 24. Rh4 Bf5 25. a3 Bxe4 26. Rxe4 Rxe4 27. Bxe4 Re8 28. Bd3 Bf2 29. f5 Bxg3 30. Re4 h5 31. Rxe8+ Kxe8 32. Kc1 Ke7 33. Kd2 Bf4+ 34. Kd1 Kd6 35. c4 Ke5 36. a4 h4 37. Ke1 h3 38. Kf1 a5 39. Kg1 b6 40. Bc2 Kd4 41. b3 Kc3 42. Bd1 Kd2 43. Bh5 f6 44. Bf7 Bd6 45. Bg6 Kc3 46. Be8 Kxb3 47. Bb5 Kc3 48. Kh1 Kd4 49. Ba6 Ke4 50. Bc8 Kf4 51. Bd7 Be5 52. Be6 Kg5 53. Bd7 g6 54. fxg6 f5 55. Be8 Kh4 56. Bd7 f4 57. Bf5 Kg3 58. Bd3 f3 59. Kg1 Bf6 60. Be4 Bg7 61. Bd3 Bd4+ 62. Kh1 Be5 63. Kg1 Bg7 64. Be4 Bd4+ 65. Kh1 Kf4 66. Bd3 Ke3 67. Bf5 f2 68. Bxh3 Ke2 69. Kh2 Be5+ 70. Kh1 f1Q+ 71. Bxf1+ Kxf1 0-1

[Event "Milan Sport&Cultura op"]
[Site "Milan"]
[Date "2010.02.13"]
[Round "3"]
[White "Del Noce, Roberto"]
[Black "Mircoli, Filippo"]
[Result "0-1"]
[WhiteElo "1869"]
[BlackElo "1729"]
[PlyCount "100"]
[EventDate "2010.02.12"]
[EventType "swiss"]
[EventRounds "5"]
[EventCountry "ITA"]
[SourceTitle "EXT 2011"]
[Source "ChessBase"]
[SourceDate "2010.11.26"]
[SourceVersion "1"]
[SourceVersionDate "2010.11.26"]
[SourceQuality "1"]

1. e4 c5 2. f4 e6 3. Nf3 Nc6 4. c3 d5 5. e5 Nge7 6. d4 Nf5 7. Bd3 cxd4 8. Bxf5 exf5 9. cxd4 Qb6 10. Nc3 Be6 11. 0-0 Be7 12. Ne2 0-0 13. Kh1 Rac8 14. Ng5 h6 15. Nxe6 fxe6 16. Rf3 Nb4 17. Rb3 Qd8 18. Bd2 a5 19. a3 Nc6 20. Rxb7 Rb8 21. Qb3 Qc8 22. Rxb8 Qxb8 23. Qxb8 Rxb8 24. Bc3 Kf7 25. Nc1 a4 26. Nd3 Rb5 27. Rc1 Na5 28. Bxa5 Rxa5 29. Rc7 Rb5 30. Nb4 Ke8 31. Kg1 Bxb4 32. axb4 Rxb4 33. Rxg7 Rxb2 34. Ra7 Rb4 35. Rh7 Rxd4 36. Rxh6 Kd7 37. g3 Rd2 38. Rh7+ Kc6 39. Ra7 Kb5 40. h4 Kb4 41. Ra6 a3 42. Rxe6 Re2 43. Ra6 a2 44. g4 fxg4 45. h5 Re1+ 46. Kf2 a1Q 47. Rxa1 Rxa1 48. e6 Kc5 49. h6 Ra7 50. f5 Kd6 0-1

[Event "Amantea op-A 7th"]
[Site "Amantea"]
[Date "2009.09.01"]
[Round "2"]
[White "Del Noce, Roberto"]
[Black "Arnetta, Maria Teresa"]
[Result "1-0"]
[WhiteElo "1857"]
[BlackElo "2031"]
[PlyCount "61"]
[EventDate "2009.08.31"]
[EventType "swiss"]
[EventRounds "9"]
[EventCountry "ITA"]
[SourceTitle "CBM 132 Extra"]
[Source "ChessBase"]
[SourceDate "2009.11.03"]
[SourceVersion "1"]
[SourceVersionDate "2009.11.03"]
[SourceQuality "1"]

1. e4 c5 2. Nf3 Nc6 3. d4 cxd4 4. Nxd4 e5 5. Nb5 d6 6. c4 a6 7. N5c3 Be7 8. Nd5 f5 9. Be3 Nd4 10. Bxd4 exd4 11. Qxd4 Nf6 12. Nbc3 0-0 13. exf5 Bxf5 14. Nxe7+ Qxe7+ 15. Be2 Ne4 16. Nxe4 Bxe4 17. f3 Bxf3 18. gxf3 Rae8 19. Qf2 Qe5 20. Rb1 Rf4 21. Kd2 Rd4+ 22. Bd3 Qf4+ 23. Kc3 Re3 24. Rbd1 Rxc4+ 25. Kb3 Rb4+ 26. Kc2 Rxf3 27. Qd2 Rf2 28. Be2 Qc4+ 29. Bxc4+ Rxc4+ 30. Kb1 Rxd2 31. Rxd2 1-0

[Event "Amantea op-A 7th"]
[Site "Amantea"]
[Date "2009.08.31"]
[Round "1"]
[White "Valguarnera, Girolamo"]
[Black "Del Noce, Roberto"]
[Result "1-0"]
[WhiteElo "2151"]
[BlackElo "1857"]
[PlyCount "61"]
[EventDate "2009.08.31"]
[EventType "swiss"]
[EventRounds "9"]
[EventCountry "ITA"]
[SourceTitle "CBM 132 Extra"]
[Source "ChessBase"]
[SourceDate "2009.11.03"]
[SourceVersion "1"]
[SourceVersionDate "2009.11.03"]
[SourceQuality "1"]

1. e4 c5 2. Nf3 Nc6 3. d4 cxd4 4. Nxd4 Nf6 5. Nc3 e5 6. Ndb5 d6 7. Nd5 Nxd5 8. exd5 Nb8 9. c4 Be7 10. Be2 0-0 11. 0-0 f5 12. c5 dxc5 13. d6 Bf6 14. Nc7 Na6 15. Bxa6 Rb8 16. Bc4+ Kh8 17. Ne6 Bxe6 18. Bxe6 f4 19. Bf5 b5 20. Be4 g6 21. Qd5 Rb6 22. Rd1 Qd7 23. Qxc5 Rc8 24. Qd5 Rcc6 25. b3 Rxd6 26. Qa8+ Kg7 27. Rxd6 Rxd6 28. h3 Rd1+ 29. Kh2 Bh4 30. Ba3 Kh6 31. Qf8+ 1-0

[Event "Bergamo op 8th"]
[Site "Bergamo"]
[Date "2009.07.18"]
[Round "4"]
[White "Sbarra, Marco"]
[Black "Del Noce, Roberto"]
[Result "1-0"]
[WhiteElo "2219"]
[BlackElo "1857"]
[PlyCount "87"]
[EventDate "2009.07.17"]
[EventType "swiss"]
[EventRounds "6"]
[EventCountry "ITA"]
[SourceTitle "EXT 2012"]
[Source "ChessBase"]
[SourceDate "2011.11.24"]
[SourceVersion "1"]
[SourceVersionDate "2011.11.24"]
[SourceQuality "1"]

1. d4 d5 2. c4 e6 3. Nc3 Nf6 4. cxd5 exd5 5. Bg5 Be7 6. e3 h6 7. Bf4 0-0 8. Bd3 Re8 9. Nf3 c6 10. h3 Bb4 11. 0-0 Bxc3 12. bxc3 Ne4 13. c4 dxc4 14. Bxc4 Be6 15. Bd3 Bd5 16. Qc2 Nd7 17. Rab1 b6 18. Rfd1 Nef6 19. Ne5 Nxe5 20. dxe5 Nh5 21. Bh2 Qh4 22. f4 g6 23. e4 Be6 24. f5 gxf5 25. exf5 Bd5 26. Qd2 Qg5 27. Qf2 Kh8 28. Rb4 Rg8 29. Rg4 Qe7 30. f6 Qc5 31. Qxc5 bxc5 32. Rxg8+ Rxg8 33. g4 c4 34. Bf1 Be6 35. Rc1 Nxf6 36. exf6 h5 37. Bxc4 hxg4 38. Bxe6 g3 39. Bb3 gxh2+ 40. Kxh2 Rc8 41. Rc5 Rc7 42. Kg3 Kh7 43. Bc2+ Kh6 44. Kg4 1-0